000 00530nam a2200181Ia 4500
999 _c53027
_d53027
003 GCL
005 20240530105101.0
008 140319s9999 xx 000 0 ara d
040 _aGCL /
_cGCL
082 0 4 _a070.486
_bم ش
100 1 _aماجد الصايغ
245 1 0 _aشخصيات ومواقف /
_cماجد السامرائى
260 _a[S.N] :
_bالدار العربية للكتاب ،
_c1978
300 _a270
650 0 4 _aالصحف فى الادب
700 1 _aماجد السامرائى
942 _2ddc
_cBK